Statistics for Largest Empires In World History

Click here to take the quiz!

General Stats

  • This quiz has been taken 103 times
  • The average score is 5 of 10

Answer Stats

Answer% Correct
British
85%
Mongol
82%
Spanish
81%
Russian
74%
Second French Colonial
74%
Qing
32%
Umayyad Caliphate
27%
Abbasid Caliphate
18%
Yuan
17%
Xiongnu
7%

Score Distribution

Percentile by Number Answered

Percent of People with Each Score

Your Score History

You have not taken this quiz